000
00176nam a2200073Ia 4500
008
170817s9999 xx 000 0 und d
100
_a
SHARMA
245
0
_a
MANOVAIGYANIK VICHARDHARAYEN
260
_b
H.P. BHARGAV
999
_c
36137
_d
36137